Представление документа в формате RUSMARC

ПолеНазваниеЗначение
  Тип записи a
  Библиографический уровень m
001 Контрольный номер RU/IS/BASE/478183903
005 Дата корректировки 20240207193200.0
010 Индекс ISBN __
a ISBN 5-17-028741-0
d Цена 40 р. 00 к.
b Уточнения в пер.
9 Тираж 5000 экз.
100 Данные общей обработки __
a Данные общей обработки 20150225d2015 ||| 0rusy0189 ca
101 Язык документа 0_
a Язык текста rus
102 Страна публикации __
a Страна публикации RU
105 Кодированные данные (монография) __
a Кодированные данные (монография) y###||||000|y
200 Заглавие и сведения об ответственности 1_
a Заглавие Китайская цивилизация как она есть
b Общее обозначение материала Текст
f Первые сведения об ответственности В. В. Ульяненко [и др.]
e Сведения, относящиеся к заглавию путеводитель по современному Китаю
210 Выходные данные 1_
a Место издания Москва
c Издательство АСТ
c Издательство Восток-Запад
d Дата издания 2005
215 Физическое описание __
a Объем 494 с.
c Иллюстрации/тип воспроизводства ил.
d Формат 21 см.
606 Тематические рубрики 1_
a Основная рубрика История зарубежных стран - Китай
610 Ключевые слова 1_
a Ключевые слова страны зарубежные
a Ключевые слова Китай
a Ключевые слова цивилизация китайская
a Ключевые слова церемонии китайские
a Ключевые слова современность
686 Индексы других классификаций __
a Классификационный индекс 63.3(5 Кит)
2 Код системы rubbk
801 Источник записи _0
a Страна RU
b Организация Ульяновская ОБДЮ
c Дата составления 20150225
g Правила каталогизации RCR
801 Источник записи _1
a Страна RU
b Организация Ульяновская ОБДЮ
c Дата составления 20150225
g Правила каталогизации RCR
852 Данные о местонахождении __
a Наименование организации Ульяновская ОБДЮ
i Авторский знак К 45
j Шифр хранения 63.3(5Кит)
901 Тип документа __
t Тип документа m
910 Корректоры записи __
a Корректор записи Лифанова А.
919 __
a Лифанова А.
938 Служебная информация __
a Имя БД MarkBase